00410nam a2200133 a 450000100100000000500170001000800410002704000250006808200150009310000190010824500610012726000680018830000200025600003134720200930062851.0110620s1930 dr 000 0 spa d aDO-SdBNPbspacBNPHU axxxxbO81c1 aOscar, Armando10aComo las demás... :bcomedia en dos actos y un cuadro. aSanto Domingo :bImp. de J. R. Vda. García, sucesores,c1930. a81 p. ;c21 cm.